A Text book of business accounting / (Record no. 40685)

MARC details
000 -LEADER
fixed length control field 00758nam a22002177a 4500
005 - DATE AND TIME OF LATEST TRANSACTION
control field 20100810112328.0
010 ## - LCCN (DPL NO)
LC control number ENG-99259
020 ## - INTERNATIONAL STANDARD BOOK NUMBER
Terms of availability 150.00
035 ## - SYSTEM CONTROL NUMBER
System control number EN-82791
037 ## - SOURCE OF ACQUISITION
Source of stock number/acquisition DBAD/PUB
082 ## - DEWEY DECIMAL CLASSIFICATION NUMBER
Classification number 657.904
100 ## - MAIN ENTRY--PERSONAL NAME
Personal name Patankar, Sanjay V.
245 ## - TITLE STATEMENT
Title A Text book of business accounting /
Statement of responsibility, etc by Sanjay V. Patankar
260 ## - PUBLICATION, DISTRIBUTION, ETC. (IMPRINT)
Place of publication, distribution, etc Mumbai
Name of publisher, distributor, etc Himalaya Publising House
Date of publication, distribution, etc 2008
270 ## - ADDRESS
Address "Ramdoot'', Dr. Bhalergo Marg, Girgaon,
City Mumbai
Postal code 400 004
300 ## - PHYSICAL DESCRIPTION
Extent 230p.
Dimensions 24cm (pbk)
650 ## - SUBJECT ADDED ENTRY--TOPICAL TERM
Topical term or geographic name as entry element Business accounting
700 ## - ADDED ENTRY--PERSONAL NAME
9 (RLIN) 10155
942 ## - ADDED ENTRY ELEMENTS (KOHA)
Source of classification or shelving scheme Dewey Decimal Classification
Item type English Books
Classification part 657.904
Call number suffix PAT
Holdings
Withdrawn status Lost status Not for loan Collection code Home library Current library Date acquired Source of acquisition Cost, normal purchase price Full call number Barcode Copy number Cost, replacement price Koha item type
    Not For Loan Non-fiction D.B.Act.Division D.B.Act.Division 10/08/2010 DBAD/PUB 150.00 657.904 PAT EN-82791 1 150.00 English Books

© Delhi Public Library
Hit Counter
free hit counter